Music Quiz

Random Music or Song Quiz

Mystery Billy Joel Song 6 Quiz Stats

 Plays Quiz not verified by Sporcle

Challenge
Share
Tweet
Embed
Score 0/270 Timer 10:00
0 Plays Today
% Correct
a
94.3%
a
94.3%
a
94.3%
a
94.3%
a
94.3%
a
94.3%
a
94.3%
a
94.3%
a
94.3%
a
94.3%
a
94.3%
a
94.3%
a
94.3%
a
94.3%
a
94.3%
the
91.9%
the
91.9%
the
91.9%
the
91.9%
the
91.9%
the
91.9%
the
91.9%
the
91.9%
the
91.9%
the
91.9%
the
91.9%
the
91.9%
the
91.9%
the
91.9%
the
91.9%
the
91.9%
the
91.9%
he
79.1%
he
79.1%
he
79.1%
he
79.1%
he
79.1%
he
79.1%
he
79.1%
he
79.1%
he
79.1%
he
79.1%
he
79.1%
he
79.1%
he
79.1%
he
79.1%
in
78%
in
78%
in
78%
in
78%
in
78%
in
78%
in
78%
And
76.9%
and
76.9%
And
76.9%
and
76.9%
and
76.9%
and
76.9%
and
76.9%
and
76.9%
and
76.9%
And
76.9%
and
76.9%
And
76.9%
and
76.9%
and
76.9%
and
76.9%
and
76.9%
it
74.2%
to
74.1%
to
74.1%
to
74.1%
to
74.1%
to
74.1%
to
74.1%
to
74.1%
of
65.8%
of
65.8%
of
65.8%
of
65.8%
of
65.8%
of
65.8%
of
65.8%
when
62.4%
for
60%
for
60%
what
59.4%
time
53.1%
time
53.1%
% Correct
his
52.8%
his
52.8%
his
52.8%
his
52.8%
his
52.8%
his
52.8%
his
52.8%
his
52.8%
his
52.8%
his
52.8%
his
52.8%
his
52.8%
his
52.8%
as
51.5%
as
51.5%
that
50.3%
they
49.9%
From
48.8%
from
48.8%
From
48.8%
him
48.1%
him
48.1%
him
48.1%
him
48.1%
life
45.5%
but
45.5%
life
45.5%
had
44.8%
had
44.8%
had
44.8%
up
44.6%
with
44.5%
with
44.5%
with
44.5%
did!'
44%
One
43.8%
day
43%
never
41.8%
never
41.8%
never
41.8%
never
41.8%
never
41.8%
boy
41.4%
boy
41.4%
way
40.4%
town
39.2%
town.
39.2%
town
39.2%
said,
39.1%
hand.
38.4%
hand,
38.4%
Long
38%
Well
37.7%
Well
37.7%
Well
37.7%
Well
37.7%
well,
37.7%
Well
37.7%
Well
37.7%
always
36.8%
always
36.8%
came
36.5%
came
36.5%
by
36.4%
Kid.
36.4%
just
36.4%
Kid
36.4%
Kid.
36.4%
down.
36.1%
Billy
35.9%
Billy
35.9%
Billy,
35.9%
Billy
35.9%
made
35.2%
like
35.2%
made
35.2%
knew
35.1%
their
35%
tell
34.7%
West
33.9%
west
33.9%
west
33.9%
legend
33.7%
home,
33.7%
legend
33.7%
home
33.7%
legend
33.7%
known
33%
known
33%
Virginia
32.9%
% Correct
name.
31.9%
name.
31.9%
east
31.5%
east
31.5%
Grande.
31.3%
Grande.
31.3%
Rio
31.1%
Rio
31.1%
rode
30.9%
crime
30.9%
rode
30.9%
rode
30.9%
rode
30.9%
crime
30.9%
took
30.6%
yes
30.6%
yes
30.6%
six-gun
29.9%
alone,
29.7%
alone,
29.7%
Wheeling,
29.5%
about
29.1%
daring
28.8%
daring
28.8%
Island
28.6%
couldn't
28.3%
put
28.1%
put
28.1%
many
27%
many
27%
seem
26.9%
Oyster
26.6%
Bay,
26.6%
'String
26.5%
soon
26.2%
soon
26.2%
age
26.1%
sweetheart
26%
sweetheart,
26%
size
25.8%
loved
25.8%
surprise
25.7%
six-pack
25.7%
bank
25.6%
word
25.2%
Oklahoma,
25%
traveled
24.9%
kin
24.9%
traveled
24.9%
found
24.9%
teller
24.8%
folks
24.7%
heavy,
24.6%
hanging
24.6%
heavy
24.6%
watch
24.2%
Colorado;
24.1%
hid.
24%
spread
24%
cowboys
23.9%
cowboys
23.9%
law
23.8%
captured
23.7%
started
23.6%
guns
23.6%
judge
23.6%
guns
23.6%
shame.
23.5%
shame.
23.5%
pocket
23.4%
posse
23.1%
finally
23.1%
robbed
23%
track
22.9%
Utah
22.7%
ranchers
22.6%
pouring
22.6%
grave
22.6%
bears
22.6%
sea
22.5%
Colt
22.2%
older
22.1%
older
22.1%
vest
22%
cold
21.9%
Hill
21.3%
served
21.2%
Boot
20.9%
underneath
19.8%
though
16%

You're not logged in!

Compare scores with friends on all Sporcle quizzes.
OR
Log In

You Might Also Like...

Show Comments

Extras

Top Quizzes Today


Score Distribution

Your Account Isn't Verified!

In order to create a playlist on Sporcle, you need to verify the email address you used during registration. Go to your Sporcle Settings to finish the process.

Report this User

Report this user for behavior that violates our Community Guidelines.

Details: